000
00287nam a22001337a 4500
008
170627b xxu||||| |||| 00| 0 eng d
020
_a
0394726073
041
_a
eng
080
_a
94
100
_a
16
101
_a
SHH
245
_a
THE IDEA OF POVERTY
_c
HIMMELFARB,G
942
_2
udc
_c
BK
999
_c
19135
_d
19135